Handbook of instruments in dentistry

Saved in:
Bibliographic Details
Main Author: CHAUHAN, Purushottan Singh
Format: Book
Language:English
Published: CBS Publishers 2018
Tags: Add Tag
No Tags, Be the first to tag this record!

MARC

LEADER 00000nam a22000007a 4500
008 211020b ||||| |||| 00| 0 eng d
020 |a 9789387742833 
100 |a CHAUHAN, Purushottan Singh 
245 |a Handbook of instruments in dentistry  |c Purushottan Singh Chauhan  |g XV,338P.:ill. 
260 |b CBS Publishers  |c 2018  |h New Delhi  |i 697132  |i 967133  |l RK681.C38  |m Dental instruments and apparatus  |m Dental instruments 
500 |a It includes index 
942 |a lcc  |c BK  |e Kuteyi M. A.  |f 20/10/2021 
952 |0 0  |1 0  |2 lcc  |4 0  |6 RK0681 C3  |7 0  |9 3641  |a HOL  |b HOL  |c QZ  |d 2021-10-20  |l 0  |o RK681.C3  |p 2021-67377  |r 2021-10-20 00:00:00  |w 2021-10-20  |y BK 
952 |0 0  |1 0  |2 lcc  |4 0  |6 RK0681 C38  |7 0  |9 3642  |a HOL  |b HE  |c QZ  |d 2021-10-20  |l 0  |o RK681.C38  |p 2021-67378  |r 2021-10-20 00:00:00  |w 2021-10-20  |y BK 
999 |c 1805  |d 1805